000 01645nam0a22004091 4500
001 RU\NLR\bibl\165475
005 20250618054726.0
010 _a5-8174-0164-9
_95000
021 _aRU
_b2001-13397
_9631
035 _a(NLR Aleph) 000162307
090 _a933761
_c933761
100 _a20010606d2001 |||y0rusy50 ca
101 1 _arus
102 _aRU
105 _aa |||||||||
200 1 _a[Маснави. Поэма о скрытом смысле
_eОтрывки
_eПер.]
_fДжалаладдин Руми
_g[Ил. худож. Кудрявцевой Д.С.]
210 _aМ.
_aСПб.
_cДиля
_d2001
215 _a353 с., [1] л. портр.
_cил.
_d21
225 1 _aЛитературное наследие Востока
300 _aЗагл. указано на обл.
300 _aНа обороте тит. л. авт.: Руми-лит. псевд., под которым известен иран. поэт-мистик Джалал ад-Дин Мухаммад
320 _aБиблиогр.: с. 339 (11 назв.)
517 0 _aПоэма о скрытом смысле
675 _a821.222.1'04-1Руми
_v3
_zrus
686 _a17.82
_2rugasnti
686 _a84(5Ирн)-1
_2rubbk
686 _aШ5(0)952.314-4Руми(тексты)
700 1 _4070
_7ca
_8rus
_aРуми
_bД.
_f1207-1273
_gДжалаледдин
_9121053
_3RU\NLR\auth\7711302
801 0 _aRU
_bRKP
_c20010606
_gPSBO
801 1 _aRU
_bRKP
_c20010606
801 2 _aRU
_bNLR
_c20100514
_grcr
852 _aNLR
_bОЛСАА-сл-спр
_j2-4294
942 _cBOOK
980 _aNB
980 1 _aSL_SPR